| 000 | 00888nam a2200265Ia 4500 | ||
|---|---|---|---|
| 003 | OSt | ||
| 005 | 20220930085348.0 | ||
| 006 | a|||||r|||| 00| 0 | ||
| 007 | ta | ||
| 008 | 220926b |||||||| |||| 00| 0 eng d | ||
| 024 | _a96063 | ||
| 037 | _cTheses | ||
| 040 |
_aCRL _cCRL _beng |
||
| 041 |
_2eng _aeng |
||
| 100 |
_aDebbarma Sangita _9540051 |
||
| 110 | _aUniversity of Delhi. Faculty of Medical Sciences. Department of Medicine | ||
| 245 | 0 | _aStudy of gastroesophageal reflux disease (gerd) and linked angina in patients of coronary artery disease | |
| 260 | _c2007 | ||
| 650 | _aMEDICINE | ||
| 700 |
_a Dr. Sanjay Tyagi Gu. _9537662 |
||
| 700 | _a Dr, Richa Dewan Gu. | ||
| 700 | _aUniversity of Delhi. Faculty of Medical Sciences. Department of Medicine | ||
| 942 |
_cDIS _2CC |
||
| 999 |
_c878781 _d878781 |
||